Normal view
MARC view
- Geo-Denver 2000 Staff
Entry Corporate Name
001 - CONTROL NUMBER
- control field: 43443
003 - CONTROL NUMBER IDENTIFIER
- control field: NUST
005 - DATE AND TIME OF LATEST TRANSACTION
- control field: 20210314132641.0
008 - FIXED-LENGTH DATA ELEMENTS
- fixed length control field: 210314|| aca||aabn | a|a d
040 ## - CATALOGING SOURCE
- Original cataloging agency: NUST
- Transcribing agency: NUST
110 ## - HEADING--CORPORATE NAME
- Corporate name or jurisdiction name as entry element: Geo-Denver 2000 Staff
670 ## - SOURCE DATA FOUND
- Source citation: Work cat.: (NUST): Nazarian, Soheil 43442, Use of Geophysical Methods in Construction, June 2000
